01564nam a22003734a 4500001001200000003000800012006001900020007001500039008004100054010001700095020003300112040002100145035002100166050002300187082002300210100002600233245013800259260005300397300001700450490002600467504006400493533015200557610005700709610005600766650003000822650003100852650003400883650005900917655002900976710001701005830002701022856012601049999001501175ebr10003026CaPaEBRm u cr cn|||||||||000407s2000 inu sb s001 0 eng  z 00039647  z0253337518 (cl : alk. paper) aCaPaEBRcCaPaEBR a(OCoLC)23216090514aHV91b.B693 2000eb04a361.7/632/09732211 aBrilliant, Eleanor L.10aPrivate charity and public inquiryh[electronic resource] :ba history of the Filer and Peterson commissions /cEleanor L. Brilliant. aBloomington :bIndiana University Press,cc2000. axiii, 272 p.1 aPhilanthropic studies aIncludes bibliographical references (p. 191-260) and index. aElectronic reproduction.bPalo Alto, Calif. :cebrary,d2013.nAvailable via World Wide Web.nAccess may be limited to ebrary affiliated libraries.20aCommission on Private Philanthropy and Public Needs.20aCommission on Foundations and Private Philanthropy. 0aCharitieszUnited States. 0aEndowmentszUnited States. 0aTax exemptionzUnited States. 0aCorporationsxCharitable contributionszUnited States. 7aElectronic books.2local2 aebrary, Inc. 0aPhilanthropic studies.40uhttp://site.ebrary.com/lib/rucke/Doc?id=10003026zAn electronic book accessible through the World Wide Web; click to view c2475d2475